| 000 | 00439nam a22001577a 4500 | ||
|---|---|---|---|
| 005 | 20260421111157.0 | ||
| 008 | 260421b |||||||| |||| 00| 0 eng d | ||
| 020 | _qhbk | ||
| 082 | _a348.7323 UNI.16 | ||
| 245 | _aUnited states code service:conservation 461-668ss title 16 USCS | ||
| 250 | _aLawyers | ||
| 260 |
_aCharlottesville: _bLexis Nexis, _c2009. |
||
| 300 |
_axxxvi,645p. _c:24cm. |
||
| 650 | _aConservation | ||
| 942 | _cENGLISH | ||
| 999 |
_c619658 _d619658 |
||